第三セクター鉄道等協議会加盟会社 駅名(東日本編) - Statistics

General Stats
  • This quiz has been taken 7 times
  • The average score is 45 of 445
Answer Stats
Hint Answer % Correct
道南いさりび鉄道 sh01 木古内
83%
道南いさりび鉄道 H74 五稜郭
67%
道南いさりび鉄道 sh07 上磯
50%
三陸鉄道 宮古
50%
三陸鉄道 釜石
50%
真岡鐵道 下館
50%
北越急行 六日町
50%
北越急行 十日町
50%
北越急行 ほくほく大島
50%
しなの鉄道 長野
50%
しなの鉄道 軽井沢
50%
道南いさりび鉄道 sh02 札苅
33%
三陸鉄道 久慈
33%
三陸鉄道 陸中野田
33%
三陸鉄道 普代
33%
三陸鉄道 田野畑
33%
三陸鉄道
33%
IGRいわて銀河鉄道 盛岡
33%
IGRいわて銀河鉄道 好摩
33%
IGRいわて銀河鉄道 いわて沼宮内
33%
IGRいわて銀河鉄道 二戸
33%
阿武隈急行 福島
33%
阿武隈急行 角田
33%
阿武隈急行
33%
秋田内陸縦貫鉄道 鷹巣
33%
秋田内陸縦貫鉄道 阿仁合
33%
秋田内陸縦貫鉄道 角館
33%
由利高原鉄道 羽後本荘
33%
由利高原鉄道 矢島
33%
山形鉄道 赤湯
33%
山形鉄道 今泉
33%
山形鉄道 長井
33%
会津鉄道 会津田島
33%
野岩鉄道 男鹿高原
33%
鹿島臨海鉄道 水戸
33%
鹿島臨海鉄道 東水戸
33%
鹿島臨海鉄道 大洗
33%
鹿島臨海鉄道 新鉾田
33%
鹿島臨海鉄道 鹿島灘
33%
真岡鐵道 真岡
33%
真岡鐵道 北真岡
33%
わたらせ渓谷鉄道 WK01 桐生
33%
わたらせ渓谷鉄道 WK12 神戸
33%
いすみ鉄道 大原
33%
北越急行 魚沼丘陵
33%
北越急行 美佐島
33%
北越急行 虫川大杉
33%
えちごトキめき鉄道 直江津
33%
えちごトキめき鉄道 高田
33%
えちごトキめき鉄道 上越妙高
33%
えちごトキめき鉄道 新井
33%
えちごトキめき鉄道しなの鉄道 妙高高原
33%
しなの鉄道 屋代
33%
しなの鉄道 中軽井沢
33%
長良川鉄道 25 郡上八幡
33%
樽見鉄道 TR01 大垣
33%
樽見鉄道 TR02 東大垣
33%
樽見鉄道 TR04 十九条
33%
樽見鉄道 TR09 本巣
33%
樽見鉄道 TR19 樽見
33%
明知鉄道 恵那
33%
天竜浜名湖鉄道 天竜二俣
33%
道南いさりび鉄道 sh06 茂辺地
17%
道南いさりび鉄道 sh09 久根別
17%
道南いさりび鉄道 sh10 東久根別
17%
三陸鉄道 十府ヶ浦海岸
17%
三陸鉄道 野田玉川
17%
三陸鉄道 白井海岸
17%
三陸鉄道 田老
17%
三陸鉄道 一の渡
17%
三陸鉄道 磯鶏
17%
三陸鉄道 陸中山田
17%
三陸鉄道 大槌
17%
三陸鉄道 唐丹
17%
三陸鉄道 甫嶺
17%
三陸鉄道 綾里
17%
IGRいわて銀河鉄道 青山
17%
IGRいわて銀河鉄道 滝沢
17%
IGRいわて銀河鉄道 奥中山高原
17%
IGRいわて銀河鉄道 一戸
17%
IGRいわて銀河鉄道 金田一温泉
17%
阿武隈急行 瀬上
17%
阿武隈急行 向瀬上
17%
阿武隈急行 保原
17%
阿武隈急行 丸森
17%
阿武隈急行 南角田
17%
秋田内陸縦貫鉄道 西鷹巣
17%
秋田内陸縦貫鉄道 縄文小ヶ田
17%
秋田内陸縦貫鉄道 合川
17%
秋田内陸縦貫鉄道 阿仁前田温泉
17%
秋田内陸縦貫鉄道 前田南
17%
秋田内陸縦貫鉄道 笑内
17%
秋田内陸縦貫鉄道 岩野目
17%
秋田内陸縦貫鉄道 比立内
17%
秋田内陸縦貫鉄道 奥阿仁
17%
秋田内陸縦貫鉄道 羽後長戸呂
17%
秋田内陸縦貫鉄道 羽後太田
17%
由利高原鉄道 子吉
17%
由利高原鉄道 前郷
17%
由利高原鉄道 西滝沢
17%
山形鉄道 南陽市役所
17%
山形鉄道 南長井
17%
山形鉄道 あやめ公園
17%
山形鉄道 羽前成田
17%
山形鉄道 白兎
17%
会津鉄道 芦ノ牧温泉
17%
会津鉄道 大川ダム公園
17%
会津鉄道 芦ノ牧温泉南
17%
会津鉄道 会津下郷
17%
会津鉄道 田島高校前
17%
会津鉄道 会津荒海
17%
会津鉄道 | 野岩鉄道 会津高原尾瀬口
17%
野岩鉄道 新藤原
17%
野岩鉄道 龍王峡
17%
野岩鉄道 湯西川温泉
17%
野岩鉄道 中三依温泉
17%
鹿島臨海鉄道 常澄
17%
鹿島臨海鉄道 涸沼
17%
鹿島臨海鉄道 鹿島旭
17%
鹿島臨海鉄道 徳宿
17%
鹿島臨海鉄道 北浦湖畔
17%
鹿島臨海鉄道 大洋
17%
鹿島臨海鉄道 鹿島大野
17%
鹿島臨海鉄道 長者ヶ浜潮騒はまなす公園前
17%
鹿島臨海鉄道 荒野台
17%
真岡鐵道 市塙
17%
真岡鐵道 茂木
17%
わたらせ渓谷鉄道 WK05 大間々
17%
わたらせ渓谷鉄道 WK14 原向
17%
わたらせ渓谷鉄道 WK17 間藤
17%
いすみ鉄道 国吉
17%
いすみ鉄道 大多喜
17%
いすみ鉄道 上総中野
17%
北越急行 しんざ
17%
北越急行 まつだい
17%
北越急行 うらがわら
17%
北越急行 大池いこいの森
17%
北越急行 くびき
17%
北越急行 犀潟
17%
えちごトキめき鉄道 市振
17%
えちごトキめき鉄道 糸魚川
17%
えちごトキめき鉄道 能生
17%
えちごトキめき鉄道 筒石
17%
えちごトキめき鉄道 谷浜
17%
えちごトキめき鉄道 北新井
17%
しなの鉄道 黒姫
17%
しなの鉄道 牟礼
17%
しなの鉄道 北長野
17%
しなの鉄道 篠ノ井
17%
しなの鉄道 屋代高校前
17%
しなの鉄道 坂城
17%
しなの鉄道 西上田
17%
しなの鉄道 上田
17%
しなの鉄道 大屋
17%
しなの鉄道 小諸
17%
しなの鉄道 御代田
17%
長良川鉄道 0 美濃太田
17%
長良川鉄道 3 富加
17%
長良川鉄道 7
17%
長良川鉄道 11 美濃市
17%
長良川鉄道 18 みなみ子宝温泉
17%
長良川鉄道 34 美濃白鳥
17%
長良川鉄道 37 北濃
17%
樽見鉄道 TR05 美江寺
17%
樽見鉄道 TR06 北方真桑
17%
樽見鉄道 TR07 モレラ岐阜
17%
樽見鉄道 TR08 糸貫
17%
樽見鉄道 TR12 谷汲口
17%
樽見鉄道 TR15 鍋原
17%
樽見鉄道 TR18 水鳥
17%
明知鉄道 花白温泉
17%
明知鉄道 明智
17%
天竜浜名湖鉄道 掛川
17%
天竜浜名湖鉄道 掛川市役所前
17%
天竜浜名湖鉄道 西掛川
17%
天竜浜名湖鉄道 浜名湖佐久米
17%
天竜浜名湖鉄道 三ヶ日
17%
天竜浜名湖鉄道 新所原
17%
愛知環状鉄道 01 岡崎
17%
愛知環状鉄道 03 中岡崎
17%
愛知環状鉄道 06 北野桝塚
17%
愛知環状鉄道 10 三河豊田
17%
愛知環状鉄道 11 新上挙母
17%
愛知環状鉄道 12 新豊田
17%
愛知環状鉄道 13 愛環梅坪
17%
愛知環状鉄道 15 貝津
17%
愛知環状鉄道 18 八草
17%
愛知環状鉄道 19 山口
17%
愛知環状鉄道 20 瀬戸口
17%
愛知環状鉄道 21 瀬戸市
17%
愛知環状鉄道 23 高蔵寺
17%
伊勢鉄道 河原田
17%
伊勢鉄道 鈴鹿
17%
伊勢鉄道 東一身田
17%
伊勢鉄道
17%
道南いさりび鉄道 sh03 泉沢
0%
道南いさりび鉄道 sh04 釜谷
0%
道南いさりび鉄道 sh05 渡島当別
0%
道南いさりび鉄道 sh08 清川口
0%
道南いさりび鉄道 sh11 七重浜
0%
三陸鉄道 陸中宇部
0%
三陸鉄道 堀内
0%
三陸鉄道 島越
0%
三陸鉄道 岩泉小本
0%
三陸鉄道 摂待
0%
三陸鉄道 新田老
0%
三陸鉄道 佐羽根
0%
三陸鉄道 山口団地
0%
三陸鉄道 八木沢・宮古短大
0%
三陸鉄道 津軽石
0%
三陸鉄道 払川
0%
三陸鉄道 豊間根
0%
三陸鉄道 折笠
0%
三陸鉄道 岩手船越
0%
三陸鉄道 浪板海岸
0%
三陸鉄道 吉里吉里
0%
三陸鉄道 鵜住居
0%
三陸鉄道 両石
0%
三陸鉄道 平田
0%
三陸鉄道 吉浜
0%
三陸鉄道 三陸
0%
三陸鉄道 恋し浜
0%
三陸鉄道 陸前赤崎
0%
IGRいわて銀河鉄道 厨川
0%
IGRいわて銀河鉄道 巣子
0%
IGRいわて銀河鉄道 渋民
0%
IGRいわて銀河鉄道 岩手川口
0%
IGRいわて銀河鉄道 御堂
0%
IGRいわて銀河鉄道 小繋
0%
IGRいわて銀河鉄道 小鳥谷
0%
IGRいわて銀河鉄道 斗米
0%
阿武隈急行 卸町
0%
阿武隈急行 福島学院前
0%
阿武隈急行 高子
0%
阿武隈急行 上保原
0%
阿武隈急行 大泉
0%
阿武隈急行 二井田
0%
阿武隈急行 新田
0%
阿武隈急行 梁川
0%
阿武隈急行 やながわ希望の森公園前
0%
阿武隈急行 富野
0%
阿武隈急行
0%
阿武隈急行 あぶくま
0%
阿武隈急行 北丸森
0%
阿武隈急行 横倉
0%
阿武隈急行 東船岡
0%
阿武隈急行 槻木
0%
秋田内陸縦貫鉄道 大野台
0%
秋田内陸縦貫鉄道 上杉
0%
秋田内陸縦貫鉄道 米内沢
0%
秋田内陸縦貫鉄道 桂瀬
0%
秋田内陸縦貫鉄道 小渕
0%
秋田内陸縦貫鉄道 荒瀬
0%
秋田内陸縦貫鉄道 萱草
0%
秋田内陸縦貫鉄道 阿仁マタギ
0%
秋田内陸縦貫鉄道 戸沢
0%
秋田内陸縦貫鉄道 上桧木内
0%
秋田内陸縦貫鉄道 左通
0%
秋田内陸縦貫鉄道 羽後中里
0%
秋田内陸縦貫鉄道 松葉
0%
秋田内陸縦貫鉄道 八津
0%
秋田内陸縦貫鉄道 西明寺
0%
由利高原鉄道 薬師堂
0%
由利高原鉄道 鮎川
0%
由利高原鉄道 黒沢
0%
由利高原鉄道 曲沢
0%
由利高原鉄道 久保田
0%
由利高原鉄道 吉沢
0%
由利高原鉄道 川辺
0%
山形鉄道 宮内
0%
山形鉄道 おりはた
0%
山形鉄道 梨郷
0%
山形鉄道 西大塚
0%
山形鉄道 時庭
0%
山形鉄道 蚕桑
0%
山形鉄道 鮎貝
0%
山形鉄道 四季の郷
0%
山形鉄道 荒砥
0%
会津鉄道 西若松
0%
会津鉄道 南若松
0%
会津鉄道 門田
0%
会津鉄道 あまや
0%
会津鉄道 湯野上温泉
0%
会津鉄道 塔のへつり
0%
会津鉄道 弥五島
0%
会津鉄道 ふるさと公園
0%
会津鉄道 養鱒公園
0%
会津鉄道 会津長野
0%
会津鉄道 中荒井
0%
会津鉄道 会津山村道場
0%
会津鉄道 七ヶ岳登山口
0%
野岩鉄道 川治温泉
0%
野岩鉄道 川治湯元
0%
野岩鉄道 上三依塩原温泉口
0%
鹿島臨海鉄道 鹿島スタジアム
0%
真岡鐵道 二高前
0%
真岡鐵道 折本
0%
真岡鐵道 ひぐち
0%
真岡鐵道 久下田
0%
真岡鐵道 寺内
0%
真岡鐵道 西田井
0%
真岡鐵道 北山
0%
真岡鐵道 益子
0%
真岡鐵道 七井
0%
真岡鐵道 多田羅
0%
真岡鐵道 笹原田
0%
真岡鐵道 天矢場
0%
わたらせ渓谷鉄道 WK02 下新田
0%
わたらせ渓谷鉄道 WK03 相老
0%
わたらせ渓谷鉄道 WK04 運動公園
0%
わたらせ渓谷鉄道 WK06 上神梅
0%
わたらせ渓谷鉄道 WK07 本宿
0%
わたらせ渓谷鉄道 WK08 水沼
0%
わたらせ渓谷鉄道 WK09 花輪
0%
わたらせ渓谷鉄道 WK10 中野
0%
わたらせ渓谷鉄道 WK11 小中
0%
わたらせ渓谷鉄道 WK13 沢入
0%
わたらせ渓谷鉄道 WK16 足尾
0%
いすみ鉄道 西大原
0%
いすみ鉄道 上総東
0%
いすみ鉄道 新田野
0%
いすみ鉄道 上総中川
0%
いすみ鉄道 城見ヶ岡
0%
いすみ鉄道 小谷松
0%
いすみ鉄道 東総元
0%
いすみ鉄道 久我原
0%
いすみ鉄道 総元
0%
いすみ鉄道 西畑
0%
えちごトキめき鉄道 親不知
0%
えちごトキめき鉄道 青海
0%
えちごトキめき鉄道 えちご押上ひすい海岸
0%
えちごトキめき鉄道 梶屋敷
0%
えちごトキめき鉄道 浦本
0%
えちごトキめき鉄道 名立
0%
えちごトキめき鉄道 有間川
0%
えちごトキめき鉄道 春日山
0%
えちごトキめき鉄道 南高田
0%
えちごトキめき鉄道 二本木
0%
えちごトキめき鉄道 関山
0%
しなの鉄道 古間
0%
しなの鉄道 豊野
0%
しなの鉄道 三才
0%
しなの鉄道 千曲
0%
しなの鉄道 戸倉
0%
しなの鉄道 テクノさかき
0%
しなの鉄道 信濃国分寺
0%
しなの鉄道 田中
0%
しなの鉄道 滋野
0%
しなの鉄道 平原
0%
しなの鉄道 信濃追分
0%
長良川鉄道 1 前平公園
0%
長良川鉄道 2 加茂野
0%
長良川鉄道 4 関富岡
0%
長良川鉄道 5 関口
0%
長良川鉄道 6 せきてらす前
0%
長良川鉄道 8 関市役所前
0%
長良川鉄道 9 関下有知
0%
長良川鉄道 10 松森
0%
長良川鉄道 12 梅山
0%
長良川鉄道 13 湯の洞温泉口
0%
長良川鉄道 14 洲原
0%
長良川鉄道 15 母野
0%
長良川鉄道 16 木尾
0%
長良川鉄道 17 八坂
0%
長良川鉄道 19 大矢
0%
長良川鉄道 20 福野
0%
長良川鉄道 21 美並苅安
0%
長良川鉄道 22 赤池
0%
長良川鉄道 23 深戸
0%
長良川鉄道 24 相生
0%
長良川鉄道 26 自然園前
0%
長良川鉄道 27 山田
0%
長良川鉄道 28 徳永
0%
長良川鉄道 29 郡上大和
0%
長良川鉄道 30 万場
0%
長良川鉄道 31 上万場
0%
長良川鉄道 32 大中
0%
長良川鉄道 33 大島
0%
長良川鉄道 35 白鳥高原
0%
長良川鉄道 36 白山長滝
0%
樽見鉄道 TR03 横屋
0%
樽見鉄道 TR10 織部
0%
樽見鉄道 TR11 木知原
0%
樽見鉄道 TR13 神海
0%
樽見鉄道 TR14 高科
0%
樽見鉄道 TR16 日当
0%
樽見鉄道 TR17 高尾
0%
明知鉄道 東野
0%
明知鉄道 飯沼
0%
明知鉄道 阿木
0%
明知鉄道 飯羽間
0%
明知鉄道 極楽
0%
明知鉄道 岩村
0%
明知鉄道 山岡
0%
明知鉄道 野志
0%
天竜浜名湖鉄道 桜木
0%
天竜浜名湖鉄道 いこいの広場
0%
天竜浜名湖鉄道 細谷
0%
天竜浜名湖鉄道 原谷
0%
天竜浜名湖鉄道 原田
0%
天竜浜名湖鉄道 戸綿
0%
天竜浜名湖鉄道 遠州森
0%
天竜浜名湖鉄道 森町病院前
0%
天竜浜名湖鉄道 円田
0%
天竜浜名湖鉄道 遠江一宮
0%
天竜浜名湖鉄道 敷地
0%
天竜浜名湖鉄道 豊岡
0%
天竜浜名湖鉄道 上野部
0%
天竜浜名湖鉄道 二俣本町
0%
天竜浜名湖鉄道 西鹿島
0%
天竜浜名湖鉄道 岩水寺
0%
天竜浜名湖鉄道 宮口
0%
天竜浜名湖鉄道 フルーツパーク
0%
天竜浜名湖鉄道 都田
0%
天竜浜名湖鉄道 常葉大学前
0%
天竜浜名湖鉄道 金指
0%
天竜浜名湖鉄道 岡地
0%
天竜浜名湖鉄道 気賀
0%
天竜浜名湖鉄道 西気賀
0%
天竜浜名湖鉄道 寸座
0%
天竜浜名湖鉄道 東都筑
0%
天竜浜名湖鉄道 都築
0%
天竜浜名湖鉄道 奥浜名湖
0%
天竜浜名湖鉄道 尾奈
0%
天竜浜名湖鉄道 知波田
0%
天竜浜名湖鉄道 大森
0%
天竜浜名湖鉄道 アスモ前
0%
愛知環状鉄道 02 六名
0%
愛知環状鉄道 04 北岡崎
0%
愛知環状鉄道 05 大門
0%
愛知環状鉄道 07 三河上郷
0%
愛知環状鉄道 08 永覚
0%
愛知環状鉄道 09 末野原
0%
愛知環状鉄道 14 四郷
0%
愛知環状鉄道 16 保見
0%
愛知環状鉄道 17 篠原
0%
愛知環状鉄道 22 中水野
0%
伊勢鉄道 玉垣
0%
伊勢鉄道 鈴鹿サーキット稲生
0%
伊勢鉄道 徳田
0%
伊勢鉄道 中瀬古
0%
伊勢鉄道 伊勢上野
0%
伊勢鉄道 河芸
0%
わたらせ渓谷鉄道 WK15 通洞t
0%
No matching quizzes found
Score Distribution
Percent of People with Each Score
Percentile by Number Answered
Your Score History
You have not taken this quiz